| 000 | 01228cam a22003254a 4500 | ||
|---|---|---|---|
| 999 |
_c3075 _d3075 |
||
| 001 | 13635524 | ||
| 003 | OSt | ||
| 005 | 20191207122641.0 | ||
| 008 | 040624s2005 nyu b 001 0 eng | ||
| 010 | _a 2004054820 | ||
| 020 | _a1403943206 (pbk.) | ||
| 040 |
_aDLC _cDLC _dDLC |
||
| 042 | _apcc | ||
| 050 | 0 | 0 |
_aH61 _b.S32 2005 |
| 082 | 0 | 0 |
_a303 SAR 2005 _222 |
| 100 | 1 |
_aSarantakos, S. _96832 |
|
| 245 | 1 | 0 | _aSocial Research |
| 250 | _a3rd ed. | ||
| 260 |
_aNew York : _bPalgrave Macmillan, _c2005. |
||
| 300 |
_axxxi, 464 p. ; _c25 cm. |
||
| 504 | _aIncludes bibliographical references (p. 435-455) and index. | ||
| 650 | 0 |
_aSocial sciences _96807 |
|
| 650 | 0 |
_aResearch methods _92296 |
|
| 856 | 4 | 2 |
_3Contributor biographical information _uhttp://www.loc.gov/catdir/enhancements/fy0618/2004054820-b.html |
| 856 | 4 | 2 |
_3Publisher description _uhttp://www.loc.gov/catdir/enhancements/fy0618/2004054820-d.html |
| 856 | 4 | 1 |
_3Table of contents only _uhttp://www.loc.gov/catdir/enhancements/fy0618/2004054820-t.html |
| 906 |
_a7 _bcbc _corignew _d1 _eocip _f20 _gy-gencatlg |
||
| 942 |
_2ddc _cSLOAN |
||